000
00287nam a22001337a 4500
008
170502b xxu||||| |||| 00| 0 eng d
020
_a
9780486600284
041
_a
eng
080
_a
34
100
_a
13
101
_a
SHJ
245
_a
THE LAWS OF THOUGHT
_c
BOOLE.G
942
_2
udc
_c
BK
999
_c
12451
_d
12451